| 000 | 00548nam a2200193 a 4500 | ||
|---|---|---|---|
| 005 | 20240911064441.0 | ||
| 008 | 991125s1973 es 000 0 spa u | ||
| 020 | _a8430611029 | ||
| 035 | _aUPN01000008079 | ||
| 049 | _aCG | ||
| 050 | 4 |
_aH61 _bA5.28 |
|
| 100 | 1 | _aAndreski, Stanislav | |
| 245 | 1 | 4 |
_aLas ciencias sociales como forma de brujerÃa / _cStanislav Andreski ; tr. Juan Carlos Curutchet. |
| 260 |
_aMadrid : _bTaurus, _c1973. |
||
| 300 | _a289 p. | ||
| 440 | 0 |
_aEnsayistas ; _v102 |
|
| 650 | 4 |
_aCiencias sociales _99133 |
|
| 905 | _aLibro | ||
| 999 |
_c8079 _d8079 |
||